Statistiques concernant Sportifs à Sports 1

Cliquez ici pour prendre le quiz!

Statistiques générales

  • Ce quiz a été pris 228 fois
  • Le résultat moyen est 7 sur 10

Statistiques - réponses

Réponse% Correct
Tennis
94%
Sport Automobile
93%
Football
92%
Athlétisme
78%
Rugby
76%
Cyclisme
73%
Basket-ball
64%
Handball
61%
Gymnastique
57%
Hockey-sur-Glace
23%

Distribution des résultats

Percentile par nombre de réponses

% des personnes avec chaque résultat

Votre développement - résultats

Vous n’avez pas pris ce quiz